Inductive Bible study method {ch} [videorecording] / (Record no. 29449)
[ view plain ]
| 000 -LEADER | |
|---|---|
| fixed length control field | 00683nam a2200181 4500 |
| 008 - FIXED-LENGTH DATA ELEMENTS--GENERAL INFORMATION | |
| fixed length control field | 070621s2002 ph 000 0 eng |
| 090 ## - LOCALLY ASSIGNED LC-TYPE CALL NUMBER (OCLC); LOCAL CALL NUMBER (OCLC) | |
| Classification number (OCLC) (R) ; Classification number, CALL (RLIN) (NR) | BS476 |
| Local cutter number (OCLC) ; Book number/undivided call number, CALL (RLIN) | L62i |
| 100 1# - MAIN ENTRY--PERSONAL NAME | |
| Personal name | Lim, Allen |
| 245 10 - TITLE STATEMENT | |
| Title | Inductive Bible study method {ch} [videorecording] / |
| Statement of responsibility, etc | Professor Allen Lim |
| 260 ## - PUBLICATION, DISTRIBUTION, ETC. (IMPRINT) | |
| Place of publication, distribution, etc | [Manila] : |
| Name of publisher, distributor, etc | Song -in Hymnmaster Foundation Inc., |
| Date of publication, distribution, etc | c2002 |
| 300 ## - PHYSICAL DESCRIPTION | |
| Extent | 4 videodiscs (VCD) : |
| Other physical details | sd., col.; |
| Dimensions | 4 3/4 in. |
| 490 1# - SERIES STATEMENT | |
| Series statement | Bible training series; |
| Volume number/sequential designation | 10 |
| 500 ## - GENERAL NOTE | |
| General note | For VCD and computer only |
| 650 #4 - SUBJECT ADDED ENTRY--TOPICAL TERM | |
| Topical term or geographic name as entry element | Bible |
| General subdivision | Study {ch} |
| 650 #4 - SUBJECT ADDED ENTRY--TOPICAL TERM | |
| Topical term or geographic name as entry element | Hermeneutics {ch}% |
| 951 ## - EQUIVALENCE OR CROSS-REFERENCE-GEOGRAPHIC NAME/AREA NAME [OBSOLETE] [CAN/MARC only] | |
| -- | V-2002 |
| -- | VT IIIBS476/L62i |
| -- | 070621114038625 |
| -- | 2000-12-21 |
| -- | VT-VCD |
| Withdrawn status | Lost status | Damaged status | Not for loan | Home library | Current library | Shelving location | Date acquired | Accession number | Shelving control number | Total Checkouts | Full call number | Date last seen | Price effective from | Koha item type |
|---|---|---|---|---|---|---|---|---|---|---|---|---|---|---|
| BSOP Library | BSOP Library | 12/21/2000 | V-2002 | 127 | VT IIIBS476/L62i | 02/23/2013 | 02/23/2013 | Books |
